Physical education and sport as an instrument of nation building in the Republic of Korea /

Bibliographic Details
Main Author: Park, Sung Jae, 1937-
Format: Thesis Book
Language:English
Published: Columbus, Ohio : Park, 1974.
Subjects:

MARC

Tag First Indicator Second Indicator Subfields
LEADER 00000cam a2200000 i 4500
001 in00000190813
005 20151009051400.0
008 761015r19761974orua bb 00010 eng d
035 |a (OCoLC)02506141 
035 |9 AAV5400AM 
040 |a IWU  |c IWU  |d TXA  |d UtOrBLW 
049 |a TXAI 
099 |a fiche  |a C  |a 727 
100 1 |a Park, Sung Jae,  |d 1937- 
245 1 0 |a Physical education and sport as an instrument of nation building in the Republic of Korea /  |c by Sung Jae Park. 
264 1 |a Columbus, Ohio :  |b Park,  |c 1974. 
300 |a ix, 290 leaves :  |b illustrations 
336 |a text  |b txt  |2 rdacontent 
337 |a microform  |b h  |2 rdamedia 
338 |a microfiche  |b he  |2 rdacarrier 
500 |a Vita. 
500 |a Microfiche (negative) of typescript. Eugene : Microform Publications, College of Health, Physical Education and Recreation, University of Oregon, 1976. -- 4 sheets ; 10.5 x 14.8 cm. 
502 |c Ohio State University  |d 1974. 
504 |a Bibliography: leaves 275-287. 
500 |a Microform. 
650 0 |a Physical education and training  |z Korea. 
650 0 |a Sports  |z Korea. 
999 |a MARS 
999 f f |s eefcaf52-ef29-33f4-8bad-81ae8891baa0  |i c123ef70-b141-3e02-85ab-dc873e9d9f2e  |t 0 
952 f f |p normal  |a Texas A&M University  |b College Station  |c Sterling C. Evans Library  |d Evans: Microforms (3rd floor)  |t 0  |e fiche C 727  |h Other scheme  |i microform -- microfiche  |m A14820700245 
998 f f |a fiche C 727  |t 0  |l Evans: Microforms (3rd floor)